| 000 | 00520nam a22001697a 4500 | ||
|---|---|---|---|
| 008 | 160411b xxu||||| |||| 00| 0 eng d | ||
| 020 | _a978-93-5014-330-8 | ||
| 082 |
_22015 _aDC 658.4038 _bG34 |
||
| 100 |
_917706 _aGhai, Neha |
||
| 245 |
_aManagement information systems/ _cNeha Ghai |
||
| 260 |
_aNew Delhi : _bS.K. Kataria & Sons, _cc2015. |
||
| 300 |
_a271 pages: _billustrations; _c24 cm. |
||
| 500 | _aIncludes index. | ||
| 650 | 0 |
_917708 _aManagement information systems. |
|
| 365 |
_b850.00 _cPhp |
||
| 942 |
_2ddc _cDC |
||
| 999 |
_c5817 _d5817 |
||